Tous les pokémon de type feu - Statistiques

Statistiques générales
  • Ce quiz a été pris 48 fois
  • Le résultat moyen est 76 sur 99
Statistiques - réponses
Génération Pokémon Second Type % Correct
Première Dracaufeu Vol
100%
Première Reptincel
100%
Première Salamèche
100%
Deuxième Feurisson
94%
Deuxième Héricendre
94%
Première Magmar
94%
Quatrième Ouisticram
94%
Quatrième Simiabraz Combat
94%
Première Sulfura Vol
94%
Deuxième Typhlosion
94%
Première Arcanin
91%
Troisième Braségali Combat
91%
Première Caninos
91%
Quatrième Chimpenfeu Combat
91%
Cinquième Flamoutan
91%
Troisième Galifeu Combat
91%
Cinquième Grotichon Combat
91%
Cinquième Gruikui
91%
Quatrième Heatran Acier
91%
Troisième Poussifeu
91%
Cinquième Roitiflam Combat
91%
Troisième Camérupt Sol
88%
Deuxième Démolosse Ténèbres
88%
Deuxième Entei
88%
Septième Félinferno Ténèbres
88%
Sixième Feunnec
88%
Cinquième Flamajou
88%
Septième Flamiaou
88%
Cinquième Funécire Spectre
88%
Première Galopa
88%
Sixième Goupelin Psy
88%
Deuxième Limagma
88%
Quatrième Maganon
88%
Deuxième Malosse Ténèbres
88%
Première Ponyta
88%
Cinquième Reshiram Dragon
88%
Sixième Roussil
88%
Sixième Flambusard Vol
85%
Cinquième Lugulabre Spectre
85%
Deuxième Magby
85%
Sixième Volcanion Eau
85%
Cinquième Aflamanoir
82%
Troisième Chamallot Sol
82%
Première Feunard
82%
Première Goupix
82%
Sixième Hélionceau Normal
82%
Septième Malamandre Poison
82%
Septième Matoufeu
82%
Cinquième Mélancolux Spectre
82%
Cinquième Pyrax Insect
82%
Septième Tritox Poison
82%
Deuxième Volcaropod Roche
82%
Sixième Braisillon Vol
79%
Neuvième Chochodile
79%
Sixième Némélios Normal
79%
Première Pyroli
79%
Cinquième Pyronille Insect
79%
Cinquième Victini Psy
79%
Troisième Chartor
76%
Cinquième Darumacho
76%
Deuxième Ho-Oh Vol
76%
Huitième Lapyro
76%
Première Méga-Dracaufeu X Dragon
76%
Première Méga-Dracaufeu Y Vol
76%
Quatrième Motisma Chaleur Electrik
76%
Huitième Pyrobut
76%
Septième Boumata Dragon
73%
Neuvième Crocogril
73%
Cinquième Darumarond
73%
Neuvième Flâmigator Spectre
73%
Huitième Scolocendre Insect
73%
Huitième Wagomine Roche
73%
Huitième Arcanin de Hisui Roche
70%
Huitième Flambino
70%
Huitième Caninos de Hisui Roche
67%
Troisième Méga-Camérupt Sol
67%
Deuxième Méga-Démolosse Ténèbres
67%
Huitième Monthracite Roche
67%
Huitième Typhlosion de Hisui Spectre
67%
Huitième Grillepattes Insect
64%
Neuvième Malvalame Spectre
64%
Troisième Méga-Braségali Combat
64%
Septième Pierroteknik Spectre
64%
Neuvième Scovilain Plante
64%
Quatrième Arceus Feu
61%
Neuvième Charbambin
61%
Neuvième Carmadura Psy
58%
Septième Ossatueur d'Alola Spectre
58%
Neuvième Yuyu Ténèbres
55%
Neuvième Feu-Perçant Dragon
52%
Troisième Primo-Groudon Sol
48%
Neuvième Tauros de Paldea Combat
45%
Cinquième Darumacho mode Transe Psy
42%
Septième Plumeline Style Flamenco Vol
39%
Septième Silvallié Feu
36%
Huitième Darumacho de Galar mode Transe Glace
33%
Neuvième Mite-de-Fer Poison
33%
Troisième Morphéo forme Solaire
24%
Neuvième Ogerpon masque du Fourneau Plante
21%
Aucun quiz correspondant
Distribution des résultats
% des personnes avec chaque résultat
Percentile par nombre de réponses
Votre historique - résultats
Vous n’avez pas pris ce quiz